ড. মযহারুল ইসলাম: (Record no. 79659)
[ view plain ]
| 000 -LEADER | |
|---|---|
| fixed length control field | 01859nam a2200277 a 4500 |
| 001 - CONTROL NUMBER | |
| control field | 79659 |
| 003 - CONTROL NUMBER IDENTIFIER | |
| rucl marc code | BD-RjUL |
| 005 - DATE AND TIME OF LATEST TRANSACTION | |
| control field | 20220406095541.0 |
| 008 - FIXED-LENGTH DATA ELEMENTS--GENERAL INFORMATION | |
| fixed length control field | 220404s1998 bg ||||| |||| 00| 0dben d |
| 020 ## - INTERNATIONAL STANDARD BOOK NUMBER | |
| Terms of availability | : Tk. 1000.00 |
| 035 ## - SYSTEM CONTROL NUMBER | |
| System control number | (BD-RjUL)79659 |
| 040 ## - CATALOGING SOURCE | |
| Original cataloging agency | BD-RjUL |
| Language of cataloging | ben/eng |
| Transcribing agency | BD-RjUL |
| Modifying agency | BD-RjUL |
| 041 ## - LANGUAGE CODE | |
| Language code of text/sound track or separate title | ben |
| 082 ## - DEWEY DECIMAL CLASSIFICATION NUMBER | |
| Edition number | 23 |
| Classification number | 398.092 |
| Author mark and year | DRM 1998 |
| 245 00 - TITLE STATEMENT | |
| Title | ড. মযহারুল ইসলাম: |
| Remainder of title | সপ্ততিতম জন্মজয়ন্তী সংবর্ধনা, ১৯৯৮ / |
| Statement of responsibility, etc. | সম্পাদনা পরিষদ: আবদুল খালেক ...[এবং অন্যান্য] |
| 246 ## - VARYING FORM OF TITLE | |
| Title proper/short title | Felicitations to Dr. Mazharul Islam on his Seventieth Birth Anniversary |
| 260 ## - PUBLICATION, DISTRIBUTION, ETC. (IMPRINT) | |
| Place of publication, distribution, etc. | রাজশাহী: |
| Name of publisher, distributor, etc. | ফোকলোর গবেষণা সংসদ, |
| Date of publication, distribution, etc. | ১৯৯৮ |
| 300 ## - PHYSICAL DESCRIPTION | |
| Pagination | বিভিন্ন পাতা : |
| Illustrations | চিত্র ; |
| Size | ২৯ সেমি. |
| 505 ## - FORMATTED CONTENTS NOTE | |
| Formatted contents note | "বইটি একই শিরোনাম ও পরিবর্তিত সূচিপত্রে ধারাবহিক পৃষ্ঠা নম্বরে ফোকলোর গবেষণা সংসদ, রাজশাহী কর্তৃক একই বছরে 23 cm সাইজে মুদ্রিত ও প্রকাশিত" |
| 600 ## - SUBJECT ADDED ENTRY--PERSONAL NAME | |
| Personal name | ইসলাম, মযহারুল, |
| Dates associated with a name | ১৯২৯ - ২০০৩ খ্রিষ্টাব্দ |
| General subdivision | লোকাচারবিদ |
| -- | জীবনী |
| Personal name | Islam, Mazharul |
| Dates associated with a name | 1929-2003 A. D. |
| General subdivision | Folklorists |
| -- | Biography |
| 650 ## - SUBJECT ADDED ENTRY--TOPICAL TERM | |
| Topical term or geographic name as entry element | লোকাচারবিদ |
| Geographic subdivision | বাংলাদেশ |
| General subdivision | জীবনী |
| 9 (RLIN) | 236320 |
| Topical term or geographic name as entry element | Folklorists |
| Geographic subdivision | Bangladesh |
| General subdivision | Biography |
| 9 (RLIN) | 236321 |
| 700 ## - ADDED ENTRY--PERSONAL NAME | |
| Personal name | খালেক, আবদুল ...[এবং অন্যান্য], সম্পাদনা পরিষদ |
| 942 ## - ADDED ENTRY ELEMENTS (KOHA) | |
| Source of classification or shelving scheme | Dewey Decimal Classification |
| Koha item type | Books |
| Lost status | Source of classification or shelving scheme | Damaged status | Not for loan | Collection code | Permanent Location | Current Location | Shelving location | Date acquired | Source of acquisition | Cost, normal purchase price | Full call number | Date last seen | Copy number | Koha item type |
|---|---|---|---|---|---|---|---|---|---|---|---|---|---|---|
| Dewey Decimal Classification | Not For Loan | Rare Books | Central Library, University of Rajshahi | Central Library, University of Rajshahi | Rare Book Section | 03/02/1999 | Professor Muhammad Majituddin Mia, Dept of Bengali, R. U. | 1000.00 | BRA 398.092 DRM 1998 | 04/04/2022 | C-1 | Rare Books |